Localidades del conurbano: Zona Sur - Estadísticas

Estadísticas generales
  • Esta prueba ha sido intentada 159 veces
  • La puntuación promedio es 28 de 75
Estadísticas de respuestas
Partido Localidad % Correcto
Avellaneda Avellaneda
84%
Lanús Lanús
81%
Quilmes Quilmes
81%
Berazategui Berazategui
75%
Ezeiza José María Ezeiza
74%
Avellaneda Wilde
73%
Florencio Varela Florencio Varela
70%
Avellaneda Gerli
69%
Lanús Gerli
69%
Lomas de Zamora Lomas de Zamora
69%
Lomas de Zamora Banfield
68%
Quilmes Bernal
66%
Avellaneda Sarandí
66%
Lomas de Zamora Temperley
66%
Almirante Brown Glew
64%
Almirante Brown Adrogué
61%
San Vicente San Vicente
61%
Almirante Brown Burzaco
57%
Presidente Perón Guernica
55%
San Vicente Alejandro Korn
52%
Almirante Brown San Francisco Solano
52%
Avellaneda Villa Domínico
49%
Almirante Brown Claypole
48%
Avellaneda Dock Sud
48%
Almirante Brown Longchamps
48%
Esteban Echeverría Monte Grande
47%
Lanús Remedios Escalada de San Martín
45%
Florencio Varela Bosques
44%
Quilmes Ezpeleta
44%
Lanús Monte Chingolo
43%
Berazategui Guillermo Enrique Hudson
40%
Berazategui Plátanos
40%
Lanús Valentín Alsina
40%
Lomas de Zamora Villa Fiorito
39%
Quilmes Don Bosco
38%
Berazategui Ranelagh
38%
Berazategui El Pato
36%
Almirante Brown Rafael Calzada
35%
Lomas de Zamora Turdera
35%
Ezeiza Tristán Suárez
34%
Almirante Brown Don Orione
31%
Almirante Brown José Mármol
31%
Esteban Echeverría Canning
30%
Ezeiza Canning
30%
Lomas de Zamora Llavallol
30%
Almirante Brown San José
30%
Ezeiza Carlos Spegazzini
26%
Esteban Echeverría Luis Guillón
26%
Avellaneda Piñeyro
26%
Berazategui Villa España
26%
Esteban Echeverría El Jagüel
25%
Berazategui Carlos Tomás Sourigues
23%
Almirante Brown Malvinas Argentinas
23%
Berazategui Juan María Gutierrez
21%
Berazategui Pereyra
21%
Florencio Varela Estanislao Severo Zeballos
19%
Lomas de Zamora Villa Centenario
18%
Florencio Varela La Capilla
16%
Almirante Brown Ministro Rivadavia
16%
Quilmes San Francisco Solano
16%
San Vicente Domselaar
13%
Quilmes Villa La Florida
13%
Esteban Echeverrí­a 9 de Abril
12%
Avellaneda Crucesita
12%
Ezeiza La Unión
12%
Florencio Varela Gobernador Julio A. Costa
9%
Florencio Varela Ingeniero Juan Allan
9%
Florencio Varela Villa Santa Rosa
9%
Florencio Varela Villa Vatteone
8%
Florencio Varela Villa San Luis
6%
Ezeiza Aeropuerto Internacional Ezeiza
4%
Florencio Varela Villa Brown
4%
Presidente Perón Barrio América Unida
3%
Avellaneda Área Reserva Cinturón Ecológico
1%
Florencio Varela El Tropezón
1%
No se encontraron pruebas coincidentes
Distribución de puntuación
Porcentaje de gente con cada puntuación
Porcentaje por número respondido
Historial de tus puntuaciones
No has intentado esta prueba.